Greek ideals and modern life / (Record no. 21202)
[ view plain ]
| 000 -LEADER | |
|---|---|
| fixed length control field | 01018nam a2200289 a 4500 |
| 001 - CONTROL NUMBER | |
| control field | 21202 |
| 003 - CONTROL NUMBER IDENTIFIER | |
| rucl marc code | BD-RjUL |
| 005 - DATE AND TIME OF LATEST TRANSACTION | |
| control field | 20211209000647.0 |
| 008 - FIXED-LENGTH DATA ELEMENTS--GENERAL INFORMATION | |
| fixed length control field | 140303s1949 enk 000 0 eng d |
| 035 ## - SYSTEM CONTROL NUMBER | |
| System control number | (BD-RjUL)21266 |
| 040 ## - CATALOGING SOURCE | |
| Original cataloging agency | OKO |
| Transcribing agency | OKO |
| Modifying agency | OCL |
| -- | BD-RjUL |
| Language of cataloging | eng |
| 041 ## - LANGUAGE CODE | |
| Language code of text/sound track or separate title | eng |
| 082 ## - DEWEY DECIMAL CLASSIFICATION NUMBER | |
| Classification number | 901.9 |
| Author mark and year | LIG 1949 |
| 090 ## - LOCALLY ASSIGNED LC-TYPE CALL NUMBER (OCLC); LOCAL CALL NUMBER (OCLC) | |
| Classification number (OCLC) (R) ; Classification number, CALL (RLIN) (NR) | PA25 |
| Local cutter number (OCLC) ; Book number/undivided call number, CALL (RLIN) | .M3 |
| 100 1# - MAIN ENTRY--PERSONAL NAME | |
| Personal name | Livingstone, Richard Winn / |
| Dates associated with a name | 1880-1960. |
| 9 (RLIN) | 58606 |
| 245 10 - TITLE STATEMENT | |
| Title | Greek ideals and modern life / |
| Statement of responsibility, etc. | by Sir R.W. Livingstone. |
| 260 ## - PUBLICATION, DISTRIBUTION, ETC. (IMPRINT) | |
| Place of publication, distribution, etc. | Oxford : |
| Name of publisher, distributor, etc. | Clarendon Press, |
| Date of publication, distribution, etc. | 1949. |
| 300 ## - PHYSICAL DESCRIPTION | |
| Pagination | x, 175 p. : |
| Size | 21 cm. |
| 490 1# - SERIES STATEMENT | |
| Series statement | Martin classical lectures ; |
| Volume/sequential designation | [v. 5] |
| 505 1# - FORMATTED CONTENTS NOTE | |
| Formatted contents note | Introduction.--The growing influence of Hellenism.--Greek humanism.--Humanism in politics and economics.--The age of Plato; an analogy.--Christianity and Hellenism. |
| 650 #0 - SUBJECT ADDED ENTRY--TOPICAL TERM | |
| Topical term or geographic name as entry element | Philosophy, Ancient. |
| 9 (RLIN) | 3836 |
| Topical term or geographic name as entry element | Humanism. |
| 9 (RLIN) | 65529 |
| 651 #0 - SUBJECT ADDED ENTRY--GEOGRAPHIC NAME | |
| Geographic name | Greece |
| General subdivision | Civilization |
| -- | Influence. |
| 9 (RLIN) | 65530 |
| 830 #0 - SERIES ADDED ENTRY--UNIFORM TITLE | |
| Volume number/sequential designation | [v. 5] |
| Uniform title | Martin classical lectures ; |
| 942 ## - ADDED ENTRY ELEMENTS (KOHA) | |
| Source of classification or shelving scheme | Dewey Decimal Classification |
| Koha item type | Books |
| Lost status | Source of classification or shelving scheme | Damaged status | Not for loan | Collection code | Permanent Location | Current Location | Shelving location | Date acquired | Source of acquisition | Cost, normal purchase price | Total Checkouts | Full call number | Date last seen | Copy number | Koha item type |
|---|---|---|---|---|---|---|---|---|---|---|---|---|---|---|---|
| Dewey Decimal Classification | Added to bundle | Non-fiction | Central Library, University of Rajshahi | Central Library, University of Rajshahi | Reading Room | 21/06/1955 | O.U.P | 12.60 | 901.9 LIG 1949 | 03/03/2014 | C-1 | Books | |||
| Dewey Decimal Classification | Non-fiction | Central Library, University of Rajshahi | Central Library, University of Rajshahi | 15/11/1957 | Oxford University Press | 6.14 | 901.9 LIG 1949 | 09/03/2014 | C-2 | Books |